000 004410000a22001810004500
003 MACL
005 20160110155924.0
008 160110b xxu||||| |||| 00| 0 eng d
040 _aMACL
_cMACL
041 _aEnglish
082 _a923.2/GAN
100 _aGandhi, M K
_98264
245 _aNone High None Low
260 _bBhartiya Vidya Bhavan
_c1965
_aBombay
350 _a1.50
650 _aBiography
_931055
942 _cBK
_k923.2/GAN
_2ddc
999 _c35909
_d35909